Culture Générale - Série 2505 - Statistiques

Statistiques générales
  • Ce quiz a été pris 101 fois
  • Le résultat moyen est 3 sur 10
Statistiques - réponses
Question Réponse % Correct
Phileas Fogg et Passepartout, sont les héros d'un roman de .... prénom et nom Jules Verne
79%
O rage ! O désespoir ! O ------- ennemie ! Trouvez le mot manquant (Cid de Corneille) vieillesse
67%
Trouble de la vision dont la personne atteinte éprouve des difficultés à voir de près. presbytie
52%
De quelle région est originaire le chien appelé "husky" ? Sibérie
39%
Quelle ville s'est fait appeler "La cité de Jean Bart" ? Dunkerque
22%
Dans quel pays d'Afrique vivent les ibos ou igbos ? Nigeria
19%
Qui a écrit "Week-end à Zuydcoote" en 1949 ? prénom et nom - voir photo Robert Merle
11%
Mode de chasse, appelé aussi "chasse à courre" qui consiste à poursuivre un animal sauvage avec une meute de chiens courants, jusqu'à le perdre ou le prendre vénerie
10%
Dans quelle ville est né le compositeur Edouard Lalo en 1823 ? Lille
8%
Nom donné au jaguarondi, félin d'Amérique proche du puma, de couleur rousse eyra
2%
Aucun quiz correspondant
Distribution des résultats
% des personnes avec chaque résultat
Percentile par nombre de réponses
Votre historique - résultats
Vous n’avez pas pris ce quiz